[Event "COL-ch U16"]
[Site "Bogota"]
[Date "2021.03.28"]
[Round "7"]
[White "Castano, Saray"]
[Black "Fajardo Moreno, Juliana Maria"]
[Result "1-0"]
[WhiteElo "1610"]
[BlackElo "1136"]
[PlyCount "61"]
[EventDate "2021.03.24"]
[EventType "swiss"]
[EventRounds "7"]
[EventCountry "COL"]
[SourceTitle "EXT 2022"]
[Source "ChessBase"]
[SourceDate "2021.10.06"]
[SourceVersion "1"]
[SourceVersionDate "2021.10.06"]
[SourceQuality "1"]

1. e4 e5 2. Nf3 Nc6 3. d4 exd4 4. Nxd4 Bc5 5. Nxc6 dxc6 6. Qxd8+ Kxd8 7. Nc3 Be6 8. Bf4 Kc8 9. f3 Nf6 10. Bd3 Bd4 11. Bd2 b5 12. 0-0-0 a5 13. Kb1 b4 14. Ne2 c5 15. c3 c4 16. Nxd4 cxd3 17. Nxe6 fxe6 18. cxb4 axb4 19. Bxb4 Rd8 20. Rd2 Nh5 21. Rhd1 Nf4 22. g3 Ne2 23. Rxd3 Rxd3 24. Rxd3 Rb8 25. Bc5 h5 26. Kc2 g6 27. Rd2 Nxg3 28. hxg3 Rb7 29. Be7 Rb6 30. Rd8+ Kb7 31. b3 1-0

[Event "COL-ch U16"]
[Site "Bogota"]
[Date "2021.03.27"]
[Round "5"]
[White "Fajardo Moreno, Juliana Maria"]
[Black "Tovar Estevez Breton, Isabela"]
[Result "1/2-1/2"]
[WhiteElo "1136"]
[BlackElo "1046"]
[PlyCount "68"]
[EventDate "2021.03.24"]
[EventType "swiss"]
[EventRounds "7"]
[EventCountry "COL"]
[SourceTitle "EXT 2022"]
[Source "ChessBase"]
[SourceDate "2021.10.06"]
[SourceVersion "1"]
[SourceVersionDate "2021.10.06"]
[SourceQuality "1"]

1. d4 Nf6 2. Bf4 d5 3. Nc3 Bf5 4. Nf3 e6 5. e3 Bb4 6. Bd3 Ne4 7. Bxe4 Bxc3+ 8. bxc3 Bxe4 9. 0-0 Bxf3 10. Qxf3 Nd7 11. Rfe1 Nf6 12. Bg5 Rc8 13. Bxf6 Qxf6 14. Qxf6 gxf6 15. e4 dxe4 16. Rxe4 f5 17. Re5 c6 18. c4 0-0 19. d5 cxd5 20. cxd5 exd5 21. Rxd5 Rxc2 22. Rxf5 Rfc8 23. g3 R8c5 24. Rxc5 Rxc5 25. Rb1 b6 26. Rb3 Kg7 27. Ra3 a5 28. Rb3 b5 29. Kg2 b4 30. Kf1 Kf6 31. Rf3+ Rf5 32. Rxf5+ Kxf5 33. Ke2 Ke4 34. h4 Ke5 1/2-1/2

[Event "COL-ch U16"]
[Site "Bogota"]
[Date "2021.03.25"]
[Round "2"]
[White "Fajardo Moreno, Juliana Maria"]
[Black "Guzman Galeano, Erick Samir"]
[Result "1/2-1/2"]
[WhiteElo "1136"]
[BlackElo "1609"]
[PlyCount "120"]
[EventDate "2021.03.24"]
[EventType "swiss"]
[EventRounds "7"]
[EventCountry "COL"]
[SourceTitle "EXT 2022"]
[Source "ChessBase"]
[SourceDate "2021.10.06"]
[SourceVersion "1"]
[SourceVersionDate "2021.10.06"]
[SourceQuality "1"]

1. d4 d6 2. Bf4 Nd7 3. Nf3 Ngf6 4. e3 a6 5. c4 b6 6. Nc3 Bb7 7. Bd3 Nh5 8. Bg3 g6 9. Qe2 Bg7 10. Be4 Bxe4 11. Nxe4 h6 12. Rd1 c5 13. b3 Nhf6 14. Nxf6+ Nxf6 15. e4 0-0 16. 0-0 Nh5 17. dxc5 bxc5 18. e5 Nxg3 19. hxg3 Qc7 20. exd6 exd6 21. Rfe1 Rad8 22. Qe7 Rd7 23. Qe4 a5 24. g4 Qd8 25. Re3 Bf6 26. Red3 Be7 27. Ne5 Re8 28. Nxd7 Qxd7 29. Qf4 Kg7 30. f3 a4 31. Qe3 Qc6 32. Re1 axb3 33. axb3 Kh7 34. Qe4 Qc7 35. Qd5 Kg7 36. Rde3 Kg8 37. f4 Qd7 38. f5 Kg7 39. f6+ Bxf6 40. Rxe8 Qxg4 41. Qxd6 Bd4+ 42. Kh1 Qh5+ 43. Qh2 Qf5 44. Rh8 h5 45. Rhe8 Qf6 46. R8e4 Bc3 47. Qf4 Qxf4 48. Rxf4 Bxe1 49. Kg1 Bd2 50. Rf3 f5 51. Kf2 Kf6 52. Rd3 Bb4 53. Rd6+ Kg5 54. Kf3 h4 55. g3 hxg3 56. Kxg3 Ba5 57. Rd5 Bb4 58. Kf3 Ba3 59. Kg3 Kh5 60. Kf4 Bc1+ 1/2-1/2

[Event "Zipaquira Martires U14 op"]
[Site "Zipaquira"]
[Date "2018.09.07"]
[Round "2.1"]
[White "Fajardo Moreno, Juliana Maria"]
[Black "Marquez, Villamil Lukas"]
[Result "0-1"]
[WhiteElo "1136"]
[BlackElo "1483"]
[PlyCount "68"]
[EventDate "2018.09.07"]
[EventType "swiss"]
[EventRounds "5"]
[EventCountry "COL"]
[SourceTitle "EXT 2024"]
[Source "ChessBase"]
[SourceDate "2023.10.10"]
[SourceVersion "1"]
[SourceVersionDate "2023.10.10"]
[SourceQuality "1"]

1. d4 Nf6 2. Nc3 d5 3. Nf3 Bg4 4. e3 e6 5. Bd2 c5 6. h3 Bh5 7. Be2 Bxf3 8. Bxf3 Nc6 9. dxc5 Bxc5 10. Qe2 0-0 11. 0-0 e5 12. Bh5 g6 13. Bg4 h5 14. Qb5 Bb6 15. Bd1 a6 16. Qe2 Qd6 17. e4 Nd4 18. Qd3 Rad8 19. Bh6 Rfe8 20. Nxd5 Nxd5 21. exd5 Qxd5 22. Bxh5 e4 23. Qc3 Qxh5 24. Bf4 Ne2+ 25. Kh1 Nxc3 26. bxc3 Qe2 27. Rac1 Bxf2 28. Bg5 Rd5 29. Bf4 e3 30. Kh2 Rd2 31. Kh1 Bg3 32. Rg1 Bxf4 33. Rce1 Qf2 34. g3 Qh2# 0-1

[Event "COL-ch sf3 U12 Girls"]
[Site "Zipaquira"]
[Date "2017.03.31"]
[Round "3.2"]
[White "Fajardo Moreno, Juliana Maria"]
[Black "Rico Velasco, Juliana Sofia"]
[Result "1-0"]
[WhiteElo "1340"]
[BlackElo "1100"]
[PlyCount "69"]
[EventDate "2017.03.30"]
[EventType "swiss"]
[EventRounds "6"]
[EventCountry "COL"]
[SourceTitle "EXT 2024"]
[Source "ChessBase"]
[SourceDate "2023.10.10"]
[SourceVersion "1"]
[SourceVersionDate "2023.10.10"]
[SourceQuality "1"]

1. e4 e6 2. d4 d5 3. Nc3 Nc6 4. Nf3 Nf6 5. Bg5 Be7 6. exd5 exd5 7. Bb5 0-0 8. Qd2 Re8 9. 0-0-0 Bg4 10. h3 Bxf3 11. gxf3 a6 12. Bxc6 bxc6 13. Rhg1 Rb8 14. Bh6 g6 15. Rg2 Qd7 16. h4 Qh3 17. Rdg1 Qxh4 18. Bg5 Qh5 19. Qf4 Nd7 20. Rh2 Bxg5 21. Rxg5 Re1+ 22. Kd2 Qxh2 23. Qxh2 Re7 24. f4 f6 25. Rg3 Rxb2 26. f5 g5 27. f4 Rg7 28. fxg5 fxg5 29. Qh6 c5 30. Rxg5 Rxg5 31. Qxg5+ Kf7 32. Nxd5 Kf8 33. f6 cxd4 34. Qg7+ Ke8 35. Qe7# 1-0

[Event "COL-ch sf3 U12 Girls"]
[Site "Zipaquira"]
[Date "2017.03.31"]
[Round "2.2"]
[White "Rubiano Gutierrez, Karen Ximena"]
[Black "Fajardo Moreno, Juliana Maria"]
[Result "1/2-1/2"]
[WhiteElo "1493"]
[BlackElo "1340"]
[PlyCount "122"]
[EventDate "2017.03.30"]
[EventType "swiss"]
[EventRounds "6"]
[EventCountry "COL"]
[SourceTitle "EXT 2024"]
[Source "ChessBase"]
[SourceDate "2023.10.10"]
[SourceVersion "1"]
[SourceVersionDate "2023.10.10"]
[SourceQuality "1"]

1. e4 c5 2. Nf3 Nc6 3. Bc4 Nf6 4. d3 g6 5. Bf4 Bg7 6. Nc3 d6 7. h3 Qb6 8. b3 Be6 9. Rb1 Qb4 10. Qd2 Nd4 11. 0-0 Nxf3+ 12. gxf3 0-0 13. Kg2 Nxe4 14. Nxe4 d5 15. Qxb4 cxb4 16. Nc5 dxc4 17. bxc4 b6 18. Na4 a5 19. Nxb6 Ra6 20. Na4 Bd7 21. Nc5 Ra7 22. Rb3 Rc8 23. Be3 Rac7 24. d4 e5 25. Ne4 exd4 26. Bf4 Rc6 27. a3 bxa3 28. Rxa3 Bf5 29. Nd6 Rd8 30. c5 Bxc2 31. Rxa5 Bf6 32. Re1 d3 33. Rb5 Bc3 34. Rc1 d2 35. Bxd2 Bxd2 36. Rxc2 Bf4 37. Ne4 Kg7 38. Rcb2 Be5 39. R2b3 Rcc8 40. c6 Rxc6 41. Rxe5 f6 42. Rb7+ Kh6 43. Ree7 Rh8 44. Rf7 f5 45. Nf6 Kg5 46. Kg3 f4+ 47. Kg2 Rxf6 48. Rb5+ Rf5 49. h4+ Kxh4 50. Rbxf5 gxf5 51. Rxf5 Rg8+ 52. Kh2 h5 53. Rxf4+ Kg5 54. Rd4 Kf5 55. Rd5+ Kf4 56. Rxh5 Kxf3 57. Rf5+ Ke2 58. Kh3 Kf1 59. Kh4 Rg2 60. Rf4 Rxf2 61. Rxf2+ Kxf2 1/2-1/2

[Event "COL-ch sf3 U12 Girls"]
[Site "Zipaquira"]
[Date "2017.03.30"]
[Round "1.3"]
[White "Fajardo Moreno, Juliana Maria"]
[Black "Julio Vasquez, Mariana"]
[Result "1-0"]
[WhiteElo "1340"]
[BlackElo "1434"]
[PlyCount "37"]
[EventDate "2017.03.30"]
[EventType "swiss"]
[EventRounds "6"]
[EventCountry "COL"]
[SourceTitle "EXT 2024"]
[Source "ChessBase"]
[SourceDate "2023.10.10"]
[SourceVersion "1"]
[SourceVersionDate "2023.10.10"]
[SourceQuality "1"]

1. e4 e5 2. Nf3 Nc6 3. Bc4 Be7 4. Nc3 Nf6 5. d3 0-0 6. Bg5 h6 7. Bh4 d6 8. 0-0 Bg4 9. h3 Bxf3 10. Qxf3 Nb4 11. Bb3 c6 12. a3 Na6 13. Rad1 Nc7 14. d4 d5 15. dxe5 Nd7 16. Bxe7 Qxe7 17. exd5 Qxe5 18. dxc6 bxc6 19. Rxd7 1-0